000 00558nam a2200181 i 4500
001 47286
003 ES-MaACL
005 20230906161532.0
007 t|
008 030404s1835 fr ||||1| fre d
100 1 _aCooper, James Fenimore.
_940390
245 1 4 _aLes pionniers /
_cJames Fenimore Cooper ; traduit par A.J.B. Defauconpret, avec notes.
260 _aParis :
_b[A. Everat],
_c1835.
490 1 _aOeuvres de Fenimore Cooper ;
_v6
830 0 _aOeuvres de Fenimore Cooper ;
_v6
_9230019
852 _aES-MaACL
_jC-2909
999 _c47286
_d47286